[Event "DSOL 08 Liga Gr-D 1st"]
[Site "Playchess.com INT"]
[Date "2020.07.31"]
[Round "6.1"]
[White "Turba, Vincent"]
[Black "Bacher, Oliver"]
[Result "1-0"]
[WhiteElo "1311"]
[BlackElo "1923"]
[PlyCount "177"]
[EventDate "2020.06.22"]
[EventType "team-tourn (rapid)"]
[EventCountry "GER"]
[SourceTitle "EXT 2021"]
[Source "ChessBase"]
[SourceDate "2020.10.23"]
[SourceVersion "1"]
[SourceVersionDate "2020.10.23"]
[SourceQuality "1"]
[WhiteTeam "Noerdlingen"]
[BlackTeam "Eichstetten"]
[WhiteTeamCountry "GER"]
[BlackTeamCountry "GER"]

1. d4 Nf6 2. Bf4 e6 3. e3 c5 4. c3 Nc6 5. Nf3 Nh5 6. Bg3 Be7 7. dxc5 Bxc5 8. Bd6 Bxd6 9. Qxd6 Nf6 10. Bd3 Qe7 11. Qxe7+ Kxe7 12. Nbd2 d5 13. 0-0-0 Rd8 14. Nb3 a5 15. a4 b6 16. Nbd4 Nxd4 17. Nxd4 Bd7 18. b3 e5 19. Nf5+ Kf8 20. Ng3 g6 21. h4 h5 22. f3 Rab8 23. Kb2 b5 24. Bxb5 Bxb5 25. axb5 Rxb5 26. Kc2 Rc8 27. Rb1 Rbc5 28. Ne2 Ne8 29. Rhd1 Nd6 30. Rd3 e4 31. fxe4 Nxe4 32. Rf1 Kg7 33. Rf4 Nf6 34. Rfd4 Ng4 35. Ra4 Kf8 36. Kd2 Nf2 37. Rdd4 Ne4+ 38. Ke1 Nxc3 39. Nxc3 Rxc3 40. Rxa5 Rxe3+ 41. Kf2 Rxb3 42. Raxd5 Kg7 43. Rd2 Rcc3 44. Rd8 Rg3 45. R8d5 Rg4 46. R5d4 f6 47. Rxg4 hxg4 48. Rd7+ Kh6 49. g3 f5 50. Rf7 Rb2+ 51. Kf1 Rd2 52. Rb7 Rc2 53. Rb6 f4 54. Rb3 Rc4 55. Rb5 f3 56. Rg5 Ra4 57. Kf2 Ra2+ 58. Kf1 Ra4 59. Kf2 Kh7 60. Kf1 Re4 61. Kf2 Re2+ 62. Kf1 Re4 63. Kf2 Kh6 64. Kf1 Rb4 65. Kf2 Kg7 66. Kf1 Kf6 67. Kf2 Rb2+ 68. Kf1 Rb4 69. Kf2 Rb3 70. Rxg4 Kf5 71. Rf4+ Ke5 72. Rxf3 Rb2+ 73. Kf1 Rc2 74. Rf4 Rh2 75. Kg1 Rb2 76. Kf1 Rb3 77. Kg2 Ke6 78. Kh3 Rb5 79. Rf3 Rb1 80. Kg4 Rb5 81. Rf4 Rb3 82. Rf8 Rc3 83. Rf4 Rc5 84. Rf8 Rc3 85. Rf4 Ra3 86. Rf3 Ra4+ 87. Kg5 Ra8 88. Rf6+ Ke7 89. Rxg6 1-0

[Event "DSOL 08 Liga Gr-D 1st"]
[Site "Playchess.com INT"]
[Date "2020.07.24"]
[Round "5.1"]
[White "Nedilko, Marko"]
[Black "Turba, Vincent"]
[Result "0-1"]
[WhiteElo "1446"]
[BlackElo "1311"]
[PlyCount "105"]
[EventDate "2020.06.22"]
[EventType "team-tourn (rapid)"]
[EventCountry "GER"]
[SourceTitle "EXT 2021"]
[Source "ChessBase"]
[SourceDate "2020.10.23"]
[SourceVersion "1"]
[SourceVersionDate "2020.10.23"]
[SourceQuality "1"]
[WhiteTeam "Kastellaun II"]
[BlackTeam "Noerdlingen"]
[WhiteTeamCountry "GER"]
[BlackTeamCountry "GER"]

1. e4 e5 2. Nf3 Nc6 3. Bc4 Bc5 4. c3 Nf6 5. d4 exd4 6. cxd4 Bb4+ 7. Nc3 Nxe4 8. 0-0 Bxc3 9. bxc3 d5 10. Re1 Bf5 11. Bg5 f6 12. Bf4 0-0 13. Nh4 dxc4 14. Nxf5 Nxc3 15. Qc2 Nd5 16. Qxc4 Qd7 17. Ne3 Rad8 18. Bxc7 Qxc7 19. Nxd5 Qf7 20. Ne3 Qxc4 21. Nxc4 Rxd4 22. Rac1 Rfd8 23. Ne3 Rd2 24. Ra1 Ne5 25. a4 Nd3 26. Red1 Nxf2 27. Rxd2 Rxd2 28. Nc4 Rd1+ 29. Rxd1 Nxd1 30. Nd6 b6 31. Nb5 a5 32. Nd6 Nc3 33. Nc4 Nxa4 34. Kf2 Kf7 35. Ke2 Ke6 36. Kd3 Kd5 37. g3 Nc5+ 38. Kc3 Ne4+ 39. Kb3 Kc5 40. g4 g6 41. Ne3 b5 42. h4 a4+ 43. Kb2 b4 44. h5 gxh5 45. gxh5 Nd2 46. Kc2 a3 47. Kxd2 a2 48. Nc2 b3 49. Na1 b2 50. Nb3+ Kb4 51. Kc2 b1Q+ 52. Kd2 Qxb3 53. h6 0-1

[Event "GER-ch U18 sf Berlin Online"]
[Site "Playchess.com INT"]
[Date "2020.05.01"]
[Round "4"]
[White "Turba, Vincent"]
[Black "Mueller, Paul2"]
[Result "1-0"]
[WhiteElo "1620"]
[BlackElo "1453"]
[PlyCount "57"]
[EventDate "2020.05.01"]
[EventType "swiss (blitz)"]
[EventRounds "13"]
[EventCountry "GER"]
[SourceTitle "CBM 195 Extra"]
[Source "ChessBase"]
[SourceDate "2020.05.31"]
[SourceVersion "1"]
[SourceVersionDate "2020.05.31"]
[SourceQuality "1"]

1. d4 d5 2. Bf4 Nf6 3. Nf3 c6 4. e3 Bg4 5. Nbd2 e6 6. c3 Bd6 7. Bg3 Bxg3 8. hxg3 Nbd7 9. Be2 c5 10. Nh4 Bxe2 11. Qxe2 cxd4 12. exd4 Qb6 13. 0-0-0 Rc8 14. Nhf3 Nb8 15. Ne5 Nc6 16. Nxc6 bxc6 17. Nb3 Rb8 18. Nc5 Nd7 19. Nxd7 Kxd7 20. Rd2 Qb5 21. Qf3 Ke7 22. Qh5 Rb6 23. Qg5+ Kd6 24. Qxg7 Rhb8 25. Qe5+ Ke7 26. Rxh7 Qf1+ 27. Rd1 Qxf2 28. Qc7+ Kf6 29. Rxf7+ 1-0

[Event "GER-ch Net Amateur Gr-C Vor3"]
[Site "Playchess.com INT"]
[Date "2020.04.16"]
[Round "6"]
[White "Stein, Theodor"]
[Black "Turba, Vincent"]
[Result "1-0"]
[WhiteElo "1617"]
[BlackElo "1458"]
[PlyCount "39"]
[EventDate "2020.04.16"]
[EventType "swiss (blitz)"]
[EventRounds "9"]
[EventCountry "GER"]
[SourceTitle "CBM 195 Extra"]
[Source "ChessBase"]
[SourceDate "2020.05.31"]
[SourceVersion "1"]
[SourceVersionDate "2020.05.31"]
[SourceQuality "1"]

1. e4 e5 2. Nf3 Nc6 3. d4 exd4 4. Nxd4 Bc5 5. Be3 Bxd4 6. Bxd4 Nxd4 7. Qxd4 f6 8. Bc4 Qe7 9. 0-0 Qb4 10. Bf7+ Kxf7 11. Qxb4 d6 12. Nc3 Nh6 13. Rad1 Rb8 14. Nd5 Bg4 15. f3 Bh5 16. Nxc7 Rhc8 17. Qxd6 Kg6 18. Qg3+ Kf7 19. Rd7+ Kf8 20. Qxg7# 1-0

[Event "GER-ch Net Amateur Gr-C Vor3"]
[Site "Playchess.com INT"]
[Date "2020.04.16"]
[Round "5"]
[White "Turba, Vincent"]
[Black "Borgert, Alexander"]
[Result "1/2-1/2"]
[WhiteElo "1451"]
[BlackElo "1605"]
[PlyCount "106"]
[EventDate "2020.04.16"]
[EventType "swiss (blitz)"]
[EventRounds "9"]
[EventCountry "GER"]
[SourceTitle "CBM 195 Extra"]
[Source "ChessBase"]
[SourceDate "2020.05.31"]
[SourceVersion "1"]
[SourceVersionDate "2020.05.31"]
[SourceQuality "1"]

1. e4 c5 2. Nf3 a6 3. Nc3 g6 4. d4 cxd4 5. Qxd4 Nf6 6. e5 Nc6 7. Qd1 Ng4 8. h3 Ngxe5 9. Nxe5 Nxe5 10. Bf4 Nc6 11. Bc4 Bg7 12. 0-0 Qb6 13. Rb1 Qd4 14. Be3 Qxd1 15. Rbxd1 d6 16. Nd5 0-0 17. Nc7 Rb8 18. Bg5 Bf5 19. Rc1 Bxb2 20. Rb1 Bg7 21. Rbc1 Rbc8 22. Nd5 f6 23. Bf4 Kh8 24. Nb6 Rc7 25. Rfe1 Nd4 26. c3 Nb5 27. Be6 Bxe6 28. Rxe6 Nxc3 29. Kh1 Rf7 30. Na4 Nd5 31. Rxc7 Nxc7 32. Kh2 Nxe6 33. Nb6 Nxf4 34. Nc8 Nd3 35. f3 Nb4 36. a3 Nc2 37. a4 f5 38. Kg3 Be5+ 39. Kf2 Nd4 40. Nb6 Nb3 41. Nd7 e6 42. Nxe5 dxe5 43. g3 Rd7 44. Ke3 Rd4 45. f4 Rxa4 46. fxe5 Nc5 47. h4 Re4+ 48. Kf3 Rxe5 49. Kf4 Re4+ 50. Kg5 Nd7 51. h5 Rg4+ 52. Kh6 Rxg3 53. hxg6 hxg6 1/2-1/2

[Event "GER-ch Net Amateur Gr-C Vor2"]
[Site "Playchess.com INT"]
[Date "2020.04.15"]
[Round "3"]
[White "Turba, Vincent"]
[Black "Heiligtag, Matthias"]
[Result "0-1"]
[WhiteElo "1460"]
[BlackElo "1636"]
[PlyCount "76"]
[EventDate "2020.04.15"]
[EventType "swiss (blitz)"]
[EventRounds "9"]
[EventCountry "GER"]
[SourceTitle "CBM 196 Extra"]
[Source "ChessBase"]
[SourceDate "2020.07.31"]
[SourceVersion "1"]
[SourceVersionDate "2020.07.31"]
[SourceQuality "1"]

1. d4 Nf6 2. Bf4 e6 3. Nf3 b6 4. e3 Bb7 5. Nbd2 Be7 6. c3 d5 7. Bd3 c5 8. 0-0 cxd4 9. exd4 Nc6 10. Ne5 0-0 11. Ndf3 Bd6 12. Qc2 h6 13. Nxc6 Bxc6 14. Bxd6 Qxd6 15. Ne5 Nd7 16. Nxd7 Qxd7 17. Rfe1 Bb5 18. a4 Bxd3 19. Qxd3 Rfc8 20. b4 Rc7 21. Rac1 Rac8 22. Re3 Qxa4 23. h3 a5 24. b5 Qc4 25. Qxc4 Rxc4 26. Kf1 a4 27. Ke2 a3 28. Kd2 a2 29. Ra1 Ra4 30. Kc2 Rca8 31. Re2 R8a5 32. Kd3 Rxb5 33. Rc2 Rb3 34. Rcxa2 Rxa2 35. Rxa2 Kh7 36. Ra7 Rb2 37. Rxf7 Kg6 38. Rf3 Kh5 0-1

[Event "GER-ch Net Amateur Gr-C Vor1"]
[Site "Playchess.com INT"]
[Date "2020.04.14"]
[Round "4"]
[White "Turba, Vincent"]
[Black "Trube, Ted"]
[Result "0-1"]
[WhiteElo "1444"]
[BlackElo "1620"]
[PlyCount "130"]
[EventDate "2020.04.14"]
[EventType "swiss (blitz)"]
[EventRounds "9"]
[EventCountry "GER"]
[SourceTitle "CBM 196 Extra"]
[Source "ChessBase"]
[SourceDate "2020.07.31"]
[SourceVersion "1"]
[SourceVersionDate "2020.07.31"]
[SourceQuality "1"]

1. d4 d5 2. Bf4 Nf6 3. Nf3 Bg4 4. e3 c6 5. c3 e6 6. Nbd2 Nbd7 7. h3 Bh5 8. Bd3 Be7 9. Kf1 Bg6 10. Be2 0-0 11. Ne5 Be4 12. f3 Bf5 13. g4 Nxe5 14. Bxe5 Bg6 15. h4 h6 16. Kf2 Nd7 17. Bg3 c5 18. f4 c4 19. Nf3 Nb6 20. g5 h5 21. Ne5 Rc8 22. Nxg6 fxg6 23. Qc2 Kh7 24. b3 Bd6 25. b4 Qe7 26. a3 e5 27. Qd2 exd4 28. exd4 Qf7 29. Bf3 Bxf4 30. Bxf4 Qxf4 31. Qxf4 Rxf4 32. Rae1 Rcf8 33. Rh3 a6 34. Re3 Nd7 35. Re7 Nb6 36. Rxb7 Nc8 37. Rc7 Kg8 38. Rc5 Ne7 39. Rc7 Nf5 40. Rc6 Nxh4 41. Re6 Nxf3 42. Rc6 Nd2+ 43. Ke2 Nf3 44. Rxf3 Rxf3 45. Rxa6 Rf2+ 46. Ke3 Rg2 47. Re6 Rxg5 48. Re5 Rxe5+ 49. dxe5 h4 50. Kd4 Kf7 51. Kxd5 Rh8 52. e6+ Ke7 53. Kxc4 h3 54. a4 h2 55. a5 h1Q 56. a6 Qc6+ 57. Kb3 Qxa6 58. c4 Qxe6 59. b5 Rc8 60. Kb4 Qxc4+ 61. Ka5 Qc1 62. b6 Qb1 63. Ka6 Rb8 64. Ka5 Qxb6+ 65. Ka4 Qb4# 0-1